000 00645nam a22001937a 4500
005 20140908105523.0
010 _aENG-110762
020 _a9788183875998
_c1295.00
035 _aEN-94294
037 _bDBAD/PUB
082 _a338.130954
100 _aCharyulu, M. Yadagira
245 _aAgrarian distress and farmers suicides in India /
_c by M. Yadagira Charyulu
260 _aNew Delhi
_bSerials Publications
_c2013
270 _a4830/24, Prahlad street, Ansari Road, Darya Ganj
_bNew Delhi
_e110002
300 _axx,312p.
_c22cm(Hb)
500 _aIncludes bibliographical references
942 _2ddc
_cEN
_h338.130954
_mCHA
999 _c88352
_d88352